| 000 | 00652nam a2200217Ia 4500 | ||
|---|---|---|---|
| 999 |
_c64320 _d64320 |
||
| 003 | GCL | ||
| 005 | 20240530110725.0 | ||
| 008 | 140319s9999 xx 000 0 ara d | ||
| 040 |
_aGCL / _cGCL |
||
| 082 | 0 | 4 |
_a001.5 _bش ا |
| 100 | 1 | _aشيلد، هوبرت | |
| 245 | 1 | 0 |
_aالاتصال والهيمنة الثقافية / _cشيلر، هربرت |
| 300 | _a138 ص | ||
| 490 |
_aالالف كتاب الثانى _v0 |
||
| 650 | 0 | 4 | _aالتعاون الثقافى |
| 650 | 0 | 4 | _aالاتصال |
| 650 | 0 | 4 | _aالاعلام |
| 700 | 1 | _aوجيه سمعان عبدالمسيح | |
| 700 | 1 | _aمختار محمد التهامى | |
| 942 |
_2ddc _cBK |
||